| 000 | 00351nam a2200133Ia 4500 | ||
|---|---|---|---|
| 999 |
_c3069 _d3069 |
||
| 008 | 200103s 1998 ||||xx |||||||||||||| ||und|| | ||
| 082 |
_a302.23 _bUKH |
||
| 100 | _aAdmiralty | ||
| 245 | 0 | _aAdmiralty List of Lights and fog Signals | |
| 250 | _aVol. 8 | ||
| 260 |
_bAdmitalty charts and publications _c1998 _aUK |
||
| 300 | _a94p. | ||
| 942 | _cBK | ||